000 004750000a22001930004500
003 LK-CoMWRAF
005 20230924141019.0
008 230817t ||||| |||| 00| 0 eng d
020 _a8174351973
040 _aLK-CoMWRAF
_dLK-CoMWRAF
_eLK-CoMWRAF
041 _aeng
082 _a297.27
_bUSM
100 _aUsmani, Mufti M.Taqi
245 _aIslam and Modernism
260 _aNew Delhi :
_bAdam,
_c2002
300 _a139p
650 _aIslam-Modern aspects
942 _cBK
999 _c1018
_d1018